[Event "Lugano op"]
[Site "Lugano"]
[Date "2014.11.07"]
[Round "1"]
[White "Colmenares, Aurelio"]
[Black "Masala, Diego"]
[Result "1-0"]
[WhiteElo "2301"]
[BlackElo "1796"]
[PlyCount "50"]
[EventDate "2014.11.07"]
[EventType "swiss"]
[EventRounds "5"]
[EventCountry "SUI"]
[SourceTitle "EXT 2015"]
[Source "ChessBase"]
[SourceDate "2014.11.20"]
[SourceVersion "1"]
[SourceVersionDate "2014.11.20"]
[SourceQuality "1"]

1. e4 e5 2. Nf3 Nc6 3. Bb5 Nf6 4. 0-0 Bc5 5. c3 0-0 6. d4 exd4 7. cxd4 Be7 8. d5 a6 9. Be2 Nb8 10. e5 Ne8 11. Nc3 d6 12. Bf4 c5 13. a4 g5 14. Be3 g4 15. exd6 Nxd6 16. Nd2 f5 17. Bf4 Bg5 18. Bxg5 Qxg5 19. f4 Qe7 20. Nc4 Rf6 21. Nb6 Rh6 22. Nxa8 Qe3+ 23. Rf2 g3 24. hxg3 Ne4 25. Nxe4 fxe4 1-0

[Event "Sardegna Region-ch"]
[Site "Sardara"]
[Date "2011.05.22"]
[Round "3"]
[White "Masala, Diego"]
[Black "Serra, Emanuele"]
[Result "1/2-1/2"]
[WhiteElo "1849"]
[BlackElo "1786"]
[PlyCount "36"]
[EventDate "2011.05.23"]
[EventType "swiss"]
[EventRounds "8"]
[EventCountry "ITA"]
[SourceTitle "EXT 2023"]
[Source "ChessBase"]
[SourceDate "2022.10.05"]
[SourceVersion "1"]
[SourceVersionDate "2022.10.05"]
[SourceQuality "1"]

1. e4 Nf6 2. Nc3 d5 3. exd5 Nxd5 4. g3 e5 5. Bg2 c6 6. Qe2 Be7 7. Nxd5 cxd5 8. Qxe5 0-0 9. Qxd5 Qc7 10. c3 Nd7 11. d4 Nf6 12. Qb3 Re8 13. Be3 a5 14. a4 Ra6 15. Qc2 Be6 16. Nf3 Rb6 17. 0-0 Bb3 18. Qc1 Nd5 1/2-1/2

[Event "Cagliari Alfa Lum op-A 2nd"]
[Site "Cagliari"]
[Date "2010.09.05"]
[Round "6"]
[White "Toniolo, Massimo"]
[Black "Masala, Diego"]
[Result "1/2-1/2"]
[WhiteElo "1760"]
[BlackElo "1857"]
[PlyCount "94"]
[EventDate "2010.09.03"]
[EventType "swiss"]
[EventRounds "6"]
[EventCountry "ITA"]
[SourceTitle "EXT 2024"]
[Source "ChessBase"]
[SourceDate "2023.10.10"]
[SourceVersion "1"]
[SourceVersionDate "2023.10.10"]
[SourceQuality "1"]

1. e4 c5 2. Nf3 d6 3. d4 cxd4 4. Nxd4 e5 5. Nb3 Nf6 6. Nc3 a6 7. Bg5 Be7 8. Bxf6 gxf6 9. Nd5 f5 10. Nxe7 Qxe7 11. f3 fxe4 12. Be2 exf3 13. Bxf3 Bf5 14. 0-0 Bg6 15. Na5 e4 16. Re1 Nc6 17. Qd5 Qc7 18. Bxe4 Bxe4 19. Rxe4+ Kf8 20. Nxc6 bxc6 21. Qd4 Qa7 22. Qxa7 Rxa7 23. Rae1 d5 24. Rb4 Kg7 25. c4 c5 26. Ra4 d4 27. Re5 Rc8 28. Rd5 a5 29. Kf2 Rb8 30. b3 Rc8 31. g4 Rc6 32. g5 f6 33. h4 fxg5 34. hxg5 h6 35. gxh6+ Kxh6 36. Ke2 Kg6 37. Kd2 Raa6 38. Kd3 Kf6 39. a3 Ke6 40. b4 cxb4 41. axb4 axb4 42. Rxa6 Rxa6 43. Rb5 Rd6 44. Rxb4 Ke7 45. c5 Rd7 46. c6 Rc7 47. Rb7 Kd6 1/2-1/2

[Event "Cagliari Alfa Lum op-A 2nd"]
[Site "Cagliari"]
[Date "2010.09.03"]
[Round "2"]
[White "Altea, Alessandro"]
[Black "Masala, Diego"]
[Result "1-0"]
[WhiteElo "1789"]
[BlackElo "1857"]
[PlyCount "47"]
[EventDate "2010.09.03"]
[EventType "swiss"]
[EventRounds "6"]
[EventCountry "ITA"]
[SourceTitle "EXT 2024"]
[Source "ChessBase"]
[SourceDate "2023.10.10"]
[SourceVersion "1"]
[SourceVersionDate "2023.10.10"]
[SourceQuality "1"]

1. e4 e6 2. d3 Ne7 3. b3 d5 4. Nd2 b6 5. Bb2 Bb7 6. Ngf3 Nd7 7. g3 Nc5 8. Qe2 dxe4 9. dxe4 Ng6 10. Bg2 Qe7 11. 0-0-0 0-0-0 12. Rhe1 e5 13. h4 h5 14. Bh3+ Kb8 15. Nc4 Rxd1+ 16. Rxd1 Nxe4 17. Ncxe5 Nxe5 18. Nxe5 a5 19. Rd7 Qc5 20. Rxf7 Bc6 21. Nxc6+ Qxc6 22. Bg2 Qh6+ 23. f4 Nd6 24. Qa6 1-0

[Event "Cagliari Alfa Lum op"]
[Site "Cagliari"]
[Date "2009.08.29"]
[Round "4"]
[White "Ravagnani, Tiziano"]
[Black "Masala, Diego"]
[Result "1/2-1/2"]
[WhiteElo "2053"]
[BlackElo "1464"]
[PlyCount "68"]
[EventDate "2009.08.28"]
[EventType "swiss"]
[EventRounds "6"]
[EventCountry "ITA"]
[SourceTitle "EXT 2012"]
[Source "ChessBase"]
[SourceDate "2011.11.24"]
[SourceVersion "1"]
[SourceVersionDate "2011.11.24"]
[SourceQuality "1"]

1. e4 Nf6 2. e5 Nd5 3. c4 Nb6 4. c5 Nd5 5. Bc4 e6 6. d4 d6 7. cxd6 cxd6 8. Nc3 Nxc3 9. bxc3 d5 10. Bd3 Bd7 11. Nh3 Nc6 12. 0-0 Be7 13. Qg4 g6 14. Bd2 Rb8 15. f4 b5 16. f5 exf5 17. Qe2 b4 18. Nf4 Be6 19. Rab1 0-0 20. Nh5 gxh5 21. Qxh5 f6 22. Rf3 Rf7 23. Bh6 Bf8 24. Rg3+ Bg7 25. Bxf5 Bxf5 26. Qxf5 Kh8 27. e6 Rfb7 28. Bf4 Rc8 29. Rh3 Bf8 30. Re1 Qe7 31. Ree3 bxc3 32. Rxh7+ Qxh7 33. Rh3 Qxh3 34. Qxh3+ Kg8 1/2-1/2